000 00506 a2200169 4500
005 20250602164011.0
020 _a978-81-259-2342-8
082 _a658.3 PYL
100 _aPYLEE, M. V.
245 _aIndustrial Relations and Personnel Management.
250 _a2nd Ed.
260 _aNew Delhi,
_bVikas House LTD,
_c2007.
300 _axiii, 271p.:
_bIndex & References
_c21cm
700 _aGEORGE, A. S.
856 _yAccess Online Book
_fPersonnel Management
_dwww.vikaspublishing.com
942 _2ddc
_cBKS
999 _c3047
_d3047